| 000 | 00710nam a2200241Ia 4500 | ||
|---|---|---|---|
| 003 | OSt | ||
| 005 | 20220923212126.0 | ||
| 006 | a|||||r|||| 00| 0 | ||
| 007 | ta | ||
| 008 | 220922b |||||||| |||| 00| 0 hin d | ||
| 024 | _a150,931 | ||
| 037 | _cTextual | ||
| 040 |
_aARTS _cARTS _bhin |
||
| 041 |
_2hin _ahin |
||
| 082 | _aK, 152H6-;2 | ||
| 100 | _aसुरेश सिंह | ||
| 245 | 0 | _aजीर्वो की कहानी | |
| 246 | _aJīrvo kī kahānī | ||
| 260 |
_aकाशी _b नागरीप्रचारिणी सभा _c1946 |
||
| 300 |
_a137 पृ. _ccm. |
||
| 942 |
_hK, 152H6-;2 _cTEXL _2CC |
||
| 999 |
_c306611 _d306611 |
||